000 01013nam a22002537a 4500
005 20170508121853.0
010 _aB-528626-631 B-667841
020 _a9788120320840
_c350.00
035 _aB-528626-631
035 _aB-667841
037 _bDBAD/PUB
037 _bStar Pub/Ven
_adpl
082 _a620
100 _aChakroborty, Partha
245 _aPrinciples of Transportation Engineering /
_bby Partha Chakroborty [and] Animesh Das
260 _aNew Delhi :
_bPHI Learning
_c2013
270 _aRimjhim House, 111, Parparganj Indl. Estate
_bDelhi
_e110092
300 _axvi,520p.:
_c24cm(pbk)
_bill.
500 _aIncludes bibliographical reference and index
700 _aDas, Animesh
942 _2ddc
_cEN
_mCHA
_h620
999 _c78111
_d78111